| 000 | 01177cab a2200301 4500 | ||
|---|---|---|---|
| 001 | ABS53882 | ||
| 008 | 090401t1995 xxu||||| |||| 00| 0 eng d | ||
| 035 | _a(Sirsi) u7133 | ||
| 041 | _aeng | ||
| 100 | _aChappell, D. | ||
| 245 | _aLegal round-up: contracts | ||
| 260 | _c1995 | ||
| 350 | _a0 | ||
| 490 |
_aArchitects` Journal _v202(16) 26 October 1995, 56(1) |
||
| 520 | _aAnalyses cases involving indemnification clauses and a frustrated contract: "Tri-Gil Paving and Construction Ltd v Attorney General of Nova Scotia", Winchester Cigarette Machine Ltd v Payne" and " Gamerco v Missouri Storm Inc". | ||
| 650 | _aBREACH OF CONTRACT | ||
| 650 | _aBUILT ENVIRONMENT-BUILDING CONTRACT FORMS | ||
| 650 | _aFRUSTRATED CONTRACTS | ||
| 650 | _aGAMERCO V MISSOURI STORM INC | ||
| 650 | _aINDEMNIFICATION CLAUSES | ||
| 650 | _aJCT STANDARD FORM OF BUILDING CONTRACT (1980 EDITION) | ||
| 650 | _aLAW REFORM (FRUSTRATED CONTRACTS) ACT 1943 | ||
| 650 | _aTRI-GIL PAVING AND CONSTRUCTION LTD V ATTORNEY GENERAL OF | ||
| 650 | _aWINCHESTER CIGARETTE MACHINE LTD V PAYNE | ||
| 690 | _aBUILT ENVIRONMENT-BUILDING CONTRACT FORMS | ||
| 942 | _n0 | ||
| 948 | _c04/03/1997 | ||
| 999 |
_c4263 _d4263 |
||